[Event "11th Asrian Memorial 2018"]
[Site "Jermuk"]
[Date "2018.06.25"]
[Round "5"]
[White "Martirosyan, Haik M"]
[Black "Petrosyan, Manuel"]
[Result "1-0"]
[WhiteElo "2572"]
[BlackElo "2551"]
[Annotator "TA"]
[PlyCount "113"]
[EventDate "2018.06.21"]
[EventCountry "ARM"]
[SourceTitle "playchess.com"]
[Source "ChessBase"]
[SourceQuality "1"]

{[%evp 24,113,5,13,5,0,9,-3,12,5,15,6,12,0,50,37,51,33,59,20,64,64,72,77,66,66,74,66,112,64,60,73,62,69,167,161,370,161,170,168,226,218,228,243,276,258,276,267,267,185,175,166,164,164,163,160,214,214,203,189,185,176,214,200,200,197,220,214,213,214,243,242,790,870,1905,1634,6310,6310,5633,5289,2597,2227,1385,1385,29964,29965,29966,193,12793,6111,5618,4995]} 1. e4 e5 2. Nf3 Nc6 3. Bb5 a6 4. Ba4 Nf6 5. O-O Nxe4 6. Re1 Nc5 7. Bxc6 dxc6 8. Nxe5 Be7 9. d4 Ne6 10. Be3 O-O 11. c4 Re8 {C80: Open Ruy Lopez: Sidelines and 9 Nbd2} 12. Nc3 f6 13. Nf3 {LiveBook: 3 Games} Nf8 {The position is equal.} 14. Qb3 (14. Qc2 Bg4 15. Nd2 Qd7 16. Nde4 b6 17. f3 Bf5 18. Rad1 Rad8 19. Qf2 {½-½ (35) Kosteniuk,A (2555)-Muzychuk,A (2558) Doha 2016}) 14... Bg4 15. Nd2 $146 ({Predecessor:} 15. Qxb7 Qd7 16. d5 Bxf3 17. gxf3 Bd6 18. c5 Qh3 19. cxd6 {0-1 (31) Novotny,J (2217)-Olsar,J (2317) Ostrava 2010}) 15... b6 16. d5 c5 17. h3 Bh5 18. Nde4 Bd6 19. Nxd6 Qxd6 20. a4 f5 21. Bd2 Rxe1+ 22. Rxe1 Re8 23. Rxe8 Bxe8 24. a5 bxa5 25. Qa3 c6 26. Be3 cxd5 {White must now prevent ...d4.} 27. Bxc5 Qf4 28. b3 {[%cal Bb2b3,Bb3a4,Ba4a5][%mdl 32]} Qe5 ({Better is} 28... Ng6 $14) 29. Nxd5 $18 Qe1+ 30. Kh2 Ng6 31. Bd4 a4 (31... Bc6 $142 32. Bc3 Qxf2 33. Qxa5 Qa7) 32. bxa4 {Threatens to win with Qd6.} Qe6 33. a5 Qc6 34. Qb4 h6 35. Qb8 Kh7 36. Qc7 {[%csl Gd4][%cal Rc7g7]} Bd7 37. Qxc6 Bxc6 {[%mdl 4096] Endgame KBN-KBN} 38. Nc7 $1 {[%cal Rc7a6]} Bb7 39. Ne6 Ne7 (39... Nh4 $16 40. Nxg7 (40. Bxg7 Bc8 $16) 40... f4) 40. Nxg7 Bc8 41. Ne8 Be6 42. Nd6 Nc6 43. Bc3 f4 44. f3 Kg6 45. Kg1 Ne7 46. Bd2 Nf5 47. Bxf4 Nxd6 $2 (47... h5 48. c5 Nxd6) 48. Bxd6 Bxc4 {KB-KB} 49. Kf2 h5 50. g4 Bb3 51. Kg3 Bd1 52. Be7 Ba4 53. Bh4 Bb3 {[#]} 54. f4 $1 {[%cal Bf3f4,Bf4f5][%mdl 32]} hxg4 55. hxg4 Bc2 $2 (55... Be6 56. Be7 (56. f5+ Bxf5 57. Kf3 Bd7 $16) 56... Bc8) 56. Kf2 (56. Kg2 $142 Bd1 57. f5+ Kh6 58. Kg3) 56... Bd1 {[#]} 57. f5+ $1 {Precision: White = 85%, Black = 28%.} 1-0

[Event "11th Asrian Memorial 2018"]
[Site "Jermuk"]
[Date "2018.06.25"]
[Round "5"]
[White "Vardanian, Haik G"]
[Black "Hovhannisyan, Robert"]
[Result "1-0"]
[WhiteElo "2388"]
[BlackElo "2625"]
[Annotator "TA"]
[PlyCount "91"]
[EventDate "2018.06.21"]
[EventCountry "ARM"]
[SourceTitle "playchess.com"]
[Source "ChessBase"]
[SourceQuality "1"]

{[%evp 31,91,0,4,0,33,0,0,0,49,43,45,48,61,30,27,29,97,94,97,91,114,125,263,268,265,265,277,266,279,281,267,272,295,291,651,660,660,660,593,650,599,527,516,472,803,802,802,802,781,666,1046,998,1000,904,2228,1275,29970,29971,29978,29980,29989,29987]} 1. d4 Nf6 2. Nf3 d5 3. c4 e6 4. Nc3 c5 5. cxd5 Nxd5 6. e4 Nxc3 7. bxc3 cxd4 8. cxd4 Bb4+ 9. Bd2 Bxd2+ 10. Qxd2 O-O 11. Bc4 Nd7 12. O-O {D41: Queen's Gambit Declined: Semi-Tarrasch with 5 cxd5} b6 13. Bb3 (13. Rad1 Bb7 14. Rfe1 Rc8 15. Bb3 Re8 16. h3 Nf6 17. Qf4 Nh5 18. Qe5 Nf6 19. Qf4 Nh5 20. Qh2 h6 21. d5 exd5 22. exd5 Rxe1+ 23. Nxe1 {½-½ (57) So,W (2799)-Kramnik,V (2800) Berlin 2018}) 13... Bb7 14. Rfe1 h6 15. Rad1 Rc8 16. h3 Re8 {LiveBook: 4 Games} 17. Re3 Qc7 {[#]} 18. e5 $146 ({Predecessor:} 18. Qe2 Qf4 19. Ne1 Red8 20. Nd3 Qf6 21. d5 exd5 22. e5 {1-0 (57) Sakaev,K (2619)-Hera,I (2527) Budva 2009}) 18... Nf8 19. Nh2 {[%cal Bf3h2,Bh2g4,Bg4e3][%mdl 32]} Bd5 20. Bxd5 exd5 21. Rg3 Qc2 22. Ng4 {[#] Intending Nf6+ and mate.} (22. Qxc2 {looks sharper.} Rxc2 23. Ng4 Ng6 24. Ra3 a5 25. Ne3) 22... Qxd2 23. Rxd2 {aiming for Nf6+.} Kh7 (23... Rc1+ $11 {keeps the balance.} 24. Kh2 Ng6) 24. Ra3 $16 Re7 25. f4 {[%cal Bf2f4,Bf4f5][%mdl 32]} Rc1+ {[#]} 26. Kh2 $1 Rf1 (26... Ne6 $16) 27. Ne3 $18 Rc1 28. Nxd5 Rd7 29. Ne3 Ne6 30. f5 Nxd4 {...Nf3+! is the strong threat.} 31. Rad3 Re1 32. Nc2 Nxc2 $2 (32... Rxe5 33. Nxd4 Red5) 33. Rxd7 {[%mdl 4096] Endgame KRR-KRN} Ne3 {Strongly threatening ...Nf1+.} 34. Rf2 Nf1+ 35. Rxf1 $1 Rxf1 36. Rxf7 {KR-KR} Kg8 37. e6 a5 (37... Rf2 $142 38. a4 (38. Rxa7 Rxf5 39. Ra8+ Rf8 $16) 38... a5) 38. g4 Rf2+ 39. Kg3 Rxa2 40. Rb7 Re2 41. Rb8+ Kh7 42. Rxb6 a4 43. Ra6 h5 44. Kf4 {White mates.} hxg4 45. hxg4 g6 46. Kg5 {Precision: White = 91%, Black = 27%.} 1-0

[Event "11th Asrian Memorial 2018"]
[Site "Jermuk"]
[Date "2018.06.25"]
[Round "5"]
[White "Danielyan, Vahe"]
[Black "Bernadskiy, Vitaliy"]
[Result "0-1"]
[WhiteElo "2387"]
[BlackElo "2586"]
[Annotator "TA"]
[PlyCount "44"]
[EventDate "2018.06.21"]
[EventCountry "ARM"]
[SourceTitle "playchess.com"]
[Source "ChessBase"]
[SourceQuality "1"]

{[%evp 9,44,-9,-6,-50,3,-66,-27,-87,-85,-115,-82,-81,-72,-71,-69,-145,-98,-104,-59,-199,-194,-183,-184,-362,-223,-467,-470,-501,-501,-893,-881,-880,-855,-839,-827,-924,-894]} 1. e4 c6 2. d4 d5 3. f3 Qb6 4. Nc3 e6 {[%cal Be7e6,Be6e5,Be5d4][%mdl 32]} (4... dxe4 5. Nxe4 Bf5 6. c3 Nd7 7. Bd3 Bg6 8. Ne2 Ngf6 9. Qb3 O-O-O 10. Bg5 Nxe4 11. Bxe4 Bxe4 12. fxe4 {½-½ (30) Ivanchuk,V (2738)-Navara,D (2737) Prague 2017}) 5. Nh3 Nf6 6. Be2 {B12: Caro-Kann: Advance Variation} Be7 $146 ({Black should play} 6... c5 $15 7. dxc5 Bxc5) ({Predecessor:} 6... dxe4 7. fxe4 c5 8. d5 exd5 9. exd5 Bxh3 10. gxh3 Bd6 11. Bb5+ Kf8 12. Bg5 {1-0 (20) Barbalic,Z (2008)-Albesa,A (1910) ICCF email 2015}) 7. O-O (7. Qd3 $11) 7... dxe4 8. fxe4 (8. Nxe4 $11 e5 9. Be3) 8... e5 $1 $17 9. Be3 Bxh3 10. gxh3 O-O 11. Qd3 exd4 12. e5 ({Better is} 12. Qxd4 $15 Nbd7 13. Rf5) 12... Nfd7 13. e6 ({Avoid the trap} 13. Qxd4 $2 Bc5 $19) 13... fxe6 14. Qe4 (14. Bxd4 $15 Rxf1+ 15. Rxf1) 14... c5 {[#] Threatens to win with ...Nf6.} 15. Bd3 {[%csl Gd3][%cal Re4h7]} g6 16. Bc4 $2 (16. Rxf8+ Bxf8 17. Na4) 16... Nf6 (16... dxe3 17. Bxe6+ Kh8 18. Bxd7 $17) 17. Rxf6 $2 (17. Qxe6+ Qxe6 18. Bxe6+ Kg7 19. Nd5 dxe3 20. Nxe7) 17... Bxf6 $19 {Black is clearly winning.} 18. Bh6 {[#] Strongly threatening Nd5!} dxc3 19. Bxe6+ (19. Bxf8 $142 cxb2 20. Rf1) 19... Kh8 20. Bxf8 cxb2 21. Rb1 Nc6 22. Bh6 Re8 {Precision: White = 15%, Black = 84%.} 0-1

[Event "11th Asrian Memorial 2018"]
[Site "Jermuk"]
[Date "2018.06.26"]
[Round "6"]
[White "Melkumyan, Hrant"]
[Black "Andriasian, Zaven"]
[Result "1-0"]
[WhiteElo "2662"]
[BlackElo "2586"]
[Annotator "TA"]
[PlyCount "79"]
[EventDate "2018.06.21"]
[EventCountry "ARM"]
[SourceTitle "playchess.com"]
[Source "ChessBase"]
[SourceQuality "1"]

{[%evp 15,79,15,29,12,23,10,14,4,36,25,34,-4,70,0,0,0,20,26,31,30,27,22,29,25,27,0,36,23,23,29,54,48,47,47,72,81,79,70,60,79,75,78,73,58,105,83,137,127,166,183,148,169,265,240,264,269,339,339,330,333,348,349,353,352,357,357]} 1. d4 Nf6 2. c4 c6 3. Bf4 g6 4. Nc3 Bg7 5. Nf3 d6 6. h3 O-O 7. e3 a6 8. Bd3 {E61: King's Indian: Early deviations for White, including Smyslov System} b5 {LiveBook: 3 Games} 9. O-O Nbd7 10. Rc1 $146 {White has an edge.} ({Predecessor:} 10. Qc2 Bb7 {½-½ (42) Gasanov,E (2531)-Sokolov,I (2690) Baku 2008}) 10... Re8 11. Bh2 Bb7 12. a3 e5 13. Be2 Rc8 ({Black should play} 13... exd4 $11 14. exd4 Nb6) 14. b4 (14. dxe5 $14 dxe5 15. Qc2) 14... exd4 $1 $11 15. exd4 Nb6 16. c5 dxc5 17. bxc5 Nbd5 18. Ne5 Nxc3 19. Rxc3 Nd5 20. Rd3 {[%cal Bc3d3,Bd3d1,Bd1a1][%mdl 32]} Rc7 21. Bf3 Rce7 22. Qb3 Re6 23. a4 h5 24. Rdd1 R8e7 25. axb5 axb5 26. Bxd5 Qxd5 27. Qxd5 cxd5 28. Ra1 Bc6 29. Rfb1 ({But not} 29. Nxc6 Rxc6 30. Bd6 Re4 $11) 29... Be8 30. Ra8 Kh7 {[#]} (30... Bxe5 $142 31. Bxe5 f6) 31. Nf3 $1 $16 {Hoping for Bd6.} f6 32. Bd6 Rb7 33. Re1 Rxe1+ (33... Bf7 {keeps fighting.} 34. Rc1 Bh6) 34. Nxe1 $18 Bd7 35. Ra6 Bf5 36. c6 {[%cal Bc5c6,Bc6c7][%mdl 32]} Rf7 37. Ra8 b4 38. c7 ({Weaker is} 38. Bxb4 Rc7 $16) 38... b3 39. Rb8 Bh6 40. Rxb3 {Precision: White = 80%, Black = 42%.} 1-0

[Event "11th Asrian Memorial 2018"]
[Site "Jermuk"]
[Date "2018.06.26"]
[Round "6"]
[White "Pashikian, Arman"]
[Black "Martirosyan, Haik M"]
[Result "1/2-1/2"]
[WhiteElo "2608"]
[BlackElo "2572"]
[Annotator "TA"]
[PlyCount "35"]
[EventDate "2018.06.21"]
[EventCountry "ARM"]
[SourceTitle "playchess.com"]
[Source "ChessBase"]
[SourceQuality "1"]

{[%evp 19,35,26,20,26,20,17,17,7,7,2,1,0,0,14,6,0,0,0]} 1. d4 Nf6 2. c4 e6 3. Nf3 {[%cal Bg1f3,Bf3d2,Bd2c4,Bc4e5,Be5d3][%mdl 32]} d5 4. Nc3 Be7 5. g3 dxc4 6. Bg2 Nbd7 {E05: Open Catalan: 5 Nf3 Be7} 7. Nd2 Nb6 8. Nxc4 O-O 9. Ne5 c5 10. dxc5 Qxd1+ {LiveBook: 5 Games} 11. Nxd1 Bxc5 12. Nd3 $146 {The position is equal.} ({Predecessor:} 12. O-O Bd6 13. Nd3 Nfd5 14. Ne3 Bd7 15. Nxd5 Nxd5 {½-½ (60) Vitiugov,N (2728)-Safarli,E (2632) Antalya 2017}) 12... Be7 13. Nc3 Nfd5 14. Bd2 Rd8 15. Rc1 Nxc3 16. Bxc3 Nd5 17. Bd2 Bd7 18. Nf4 1/2-1/2

[Event "11th Asrian Memorial 2018"]
[Site "Jermuk"]
[Date "2018.06.26"]
[Round "6"]
[White "Jumabayev, Rinat"]
[Black "Sethuraman, S P"]
[Result "0-1"]
[WhiteElo "2594"]
[BlackElo "2657"]
[Annotator "TA"]
[PlyCount "116"]
[EventDate "2018.06.21"]
[EventCountry "ARM"]
[SourceTitle "playchess.com"]
[Source "ChessBase"]
[SourceQuality "1"]

{[%evp 9,116,14,22,1,7,2,18,3,31,33,33,29,31,8,4,-16,21,13,34,28,67,-10,62,62,77,46,43,49,49,56,48,30,40,28,45,26,49,0,0,0,0,-10,85,42,21,0,0,-28,-35,-55,0,0,0,-118,-81,-138,-104,-170,-166,-212,-135,-137,-105,-99,-122,-101,-103,-111,-122,-118,-96,-235,-235,-231,-203,-207,-213,-212,-209,-254,-245,-242,-224,-254,-231,-308,-307,-398,-394,-355,-393,-390,-376,-306,0,-279,-258,-320,-306,-291,-316,-452,-450,-453,-433,-564,-557,-529,-523]} 1. Nf3 d5 2. d4 Nf6 3. c3 b6 (3... g6 4. Bf4 Bg7 5. e3 O-O 6. Be2 c5 7. O-O Nc6 8. Nbd2 Nd7 9. Qb3 c4 10. Qa3 b5 11. e4 Nb6 12. Qc5 dxe4 13. Nxe4 Qd5 14. Qxd5 Nxd5 15. Bg3 {1-0 (76) Artemiev,V (2691)-Ding,L (2777) Huaian 2017}) 4. Bf4 Bb7 5. e3 g6 6. Be2 $146 {D02: Damenbauernspiele} ({Vorgänger:} 6. Nbd2 Bg7 7. h3 O-O 8. Bd3 c5 9. b4 cxb4 10. cxb4 Nbd7 11. Rc1 Rc8 12. O-O Rxc1 13. Qxc1 {0-1 (44) Ocko,D (1917)-Malicka,M (2116) Kouty nad Desnou 2017}) 6... Bg7 7. Nbd2 Nh5 8. Bg5 {Die Stellung ist ausgeglichen.} h6 9. Bh4 {[%cal Bg5h4,Bh4g3,Bg3e5][%mdl 32]} Nd7 10. g4 Nhf6 11. Rg1 c5 12. Ne5 a6 13. Bg3 e6 14. h4 Qe7 15. a4 (15. g5 $14 hxg5 16. hxg5) 15... g5 (15... Nxe5 $11 16. Bxe5 O-O) 16. Rh1 $14 Qf8 17. Bf3 Nxe5 18. Bxe5 {Sc4! ist eine echte Drohung.} Nd7 19. Bg3 Rc8 20. Bg2 Qe7 21. Qe2 e5 {[%cal Rc5d4]} 22. dxe5 Nxe5 23. Kf1 Rd8 24. Rd1 Ng6 {[%cal Rg5h4]} 25. h5 Nf8 (25... Ne5 $11) 26. e4 d4 27. e5 Ne6 28. Nc4 O-O $36 {[%mdl 2048] Schwarz kämpft um Vorteil.} 29. Re1 Qd7 ({Besser ist} 29... d3 $15 30. Qe3 Qd7 31. Bxb7 Qxb7) 30. Bxb7 $11 Qxb7 {[%cal Rb7h1]} 31. Rh3 (31. Qe4 $1 $11 {bleibt in der Remisbreite.} Qxe4 32. Rxe4) 31... Qc6 32. a5 (32. Nd6 $142) 32... bxa5 33. Nd6 (33. Rh2 $17) 33... Rb8 $19 34. Kg1 Qb6 35. Nc4 Qb5 36. Bh2 Rfd8 37. Rf3 Rd7 38. Bg3 a4 39. Kh2 Bf8 40. Nd6 (40. Kg2 $17) 40... Qxe2 ({Finger weg von} 40... Qxb2 41. Qxa6 Qb3 42. Ra1) 41. Rxe2 Rb3 42. Nc4 dxc3 43. Rxc3 {[#]} Rd4 $1 44. Na5 {[#]} Rb5 $1 {[%cal Rb5a5]} ({Schwächer ist} 44... Rxg4 45. Nxb3 axb3 46. Kh3 $11) 45. Nc4 Rxg4 46. Nd6 Rbb4 47. Rec2 Rb3 48. Rxb3 axb3 49. Rc3 Rb4 50. Nc4 Nd4 51. Nd6 Ne6 52. Nc4 $1 Be7 53. Kg2 f5 54. f3 Kf7 55. Nd6+ (55. Na5 $142) 55... Bxd6 {Schwarz steht klar auf Gewinn.} 56. exd6 Ke8 57. Be5 Kd7 58. Kf2 a5 {Precision: Weiß = 36%, Schwarz = 63%.} 0-1

[Event "11th Asrian Memorial 2018"]
[Site "Jermuk"]
[Date "2018.06.26"]
[Round "6"]
[White "Stupak, Kirill"]
[Black "Sasikiran, Krishnan"]
[Result "1/2-1/2"]
[WhiteElo "2564"]
[BlackElo "2666"]
[Annotator "TA"]
[PlyCount "82"]
[EventDate "2018.06.21"]
[EventCountry "ARM"]
[SourceTitle "playchess.com"]
[Source "ChessBase"]
[SourceQuality "1"]

{[%evp 23,82,-8,0,-14,-7,-6,-7,-23,-14,-23,-5,-23,-23,-23,-23,-24,-24,-24,-23,-23,-27,-17,-10,-14,-10,-10,-10,-25,0,-8,-6,-6,-6,-32,-6,-32,-32,-32,-32,-32,-32,-32,-32,-39,-39,-39,-39,-39,-39,-39,0,-39,0,-39,-39,-39,-39,-39,-39,-39,-39]} 1. d4 Nf6 2. c4 e6 3. g3 Bb4+ 4. Bd2 a5 5. Bg2 O-O 6. Nf3 b6 7. O-O Bb7 8. Nc3 d6 9. Rc1 Nbd7 10. Bg5 {E16: Damenindisch (Hauptfortsetzung mit Lb4)} (10. d5 e5 11. Qc2 Nc5 12. b3 Bc8 13. Nb5 Bxd2 14. Nxd2 Bd7 15. a3 Na6 16. Nb1 Ng4 17. h3 Nh6 {1-0 (40) Postny,E (2647)-Sivuk,V (2517) Jerusalem 2015 CBM 166 [Postny,E]}) 10... Bxc3 11. Rxc3 h6 12. Bxf6 Nxf6 {LiveBook: 6 Partien} 13. Nd2 Bxg2 14. Kxg2 e5 15. dxe5 dxe5 16. Qc2 $146 ({Vorgänger:} 16. Qc1 Qd7 17. f3 Qc6 {½-½ (63) Negri,S-Sanchez,E Buenos Aires 1998}) 16... Qd7 17. Ne4 Qc6 18. f3 Nxe4 19. Qxe4 Qxe4 20. fxe4 $11 {[%mdl 4096] Endspiel KTT-KTT} Rad8 21. Rd3 Rxd3 22. exd3 {KT-KT} Rd8 23. Rd1 Kf8 24. Kf3 Ke7 25. Ke3 c5 26. b3 Ra8 27. Rb1 h5 28. a3 Kd6 29. Rb2 f6 {[%cal Bf7f6,Bf6f5][%mdl 32]} 30. Rb1 g6 31. Rb2 f5 32. h4 Ke6 33. a4 Rd8 34. Rf2 Rd7 35. Rf1 Rd4 36. Rf3 Rd7 37. Rf1 Rd4 38. Rf3 Kf6 {Schwarz steht etwas besser.} 39. Rf1 Rd8 40. Rf2 Ke6 41. Rf1 Rf8 {Precision: Weiß = 58%, Schwarz = 69%.} 1/2-1/2

[Event "11th Asrian Memorial 2018"]
[Site "Jermuk"]
[Date "2018.06.27"]
[Round "7"]
[White "Sasikiran, Krishnan"]
[Black "Petrosyan, Manuel"]
[Result "1/2-1/2"]
[WhiteElo "2666"]
[BlackElo "2551"]
[Annotator "TA"]
[PlyCount "76"]
[EventDate "2018.06.21"]
[EventCountry "ARM"]
[SourceTitle "playchess.com"]
[Source "ChessBase"]
[SourceQuality "1"]

{[%evp 23,76,7,26,-20,0,13,16,0,0,0,0,0,0,0,0,0,0,0,0,0,0,0,0,0,0,0,0,0,0,0,0,0,0,0,0,0,0,0,0,0,0,0,0,0,0,0,0,0,0,0,0,0,0,0,0]} 1. e4 e5 2. Nf3 Nc6 3. Bb5 Nf6 4. O-O Nxe4 5. d4 Nd6 6. Bxc6 dxc6 7. dxe5 Nf5 8. Qxd8+ Kxd8 9. h3 h5 {C67: Ruy Lopez: Berlin Defence: 4 0-0 Nxe4} 10. Nc3 Ke8 11. Rd1 Be7 12. Ne2 b6 {LiveBook: 10 Games} 13. a4 a5 {The position is equal.} 14. Bf4 {[#]} Be6 $146 ({Predecessor:} 14... c5 15. e6 Bxe6 16. Bxc7 Bd8 17. Bxd8 Rxd8 {1-0 (32) Adams,M (2738)-Batchuluun,T (2555) Tbilisi 2017}) 15. Ned4 Nxd4 16. Nxd4 g5 17. Nxe6 fxe6 18. Be3 Rf8 19. g4 hxg4 20. hxg4 Bc5 $1 21. Bxc5 bxc5 $11 {[%mdl 4096] Endgame KRR-KRR} 22. Rd3 Rf4 23. f3 Rb8 24. b3 c4 25. Rc3 c5 26. Kf2 cxb3 27. cxb3 c4 28. Rxc4 Rxc4 29. bxc4 {KR-KR} Rb4 30. Rh1 Rxa4 31. Rh6 Kd7 32. Rh5 Rxc4 {[#] And now ...a4 would win.} 33. Rxg5 Rc5 {Strongly threatening ...a4.} 34. Rg8 Rxe5 35. f4 Rc5 36. Ra8 Ke7 37. Kg3 Kf7 38. g5 Kg6 {Precision: White = 89%, Black = 83%.} 1/2-1/2

[Event "11th Asrian Memorial 2018"]
[Site "Jermuk"]
[Date "2018.06.27"]
[Round "7"]
[White "Sethuraman, S P"]
[Black "Melkumyan, Hrant"]
[Result "1/2-1/2"]
[WhiteElo "2657"]
[BlackElo "2662"]
[Annotator "TA"]
[PlyCount "81"]
[EventDate "2018.06.21"]
[EventCountry "ARM"]
[SourceTitle "playchess.com"]
[Source "ChessBase"]
[SourceQuality "1"]

{[%evp 13,81,16,33,-15,-22,-9,0,-29,-3,-29,45,35,33,38,47,41,66,57,72,69,81,84,61,52,146,75,88,94,83,81,88,0,0,-26,-20,-108,-95,-103,-86,-87,-79,-107,-81,-79,12,12,12,0,12,2,2,6,15,13,10,8,8,0,6,5,0,0,0,0,13,0,0,0,0,0]} 1. e4 e5 2. Nf3 Nc6 3. d4 exd4 4. Nxd4 Bc5 5. Nb3 Bb6 6. Nc3 d6 7. Qe2 a5 {LiveBook: 8 Games. C45: Scotch Game} (7... Nf6 8. Be3 Be6 9. O-O-O Qe7 10. g3 Nd7 11. Bg2 O-O-O 12. Rhe1 Rhe8 13. Kb1 Bxe3 14. Qxe3 Nb6 15. Nd4 {½-½ (44) Saric,I (2618)-Andreikin,D (2723) Minsk 2017 CBM 179 [Szabo,Kr]}) 8. a4 Nb4 9. Bf4 Qf6 $146 ({Predecessor:} 9... Ne7 10. O-O-O O-O 11. h4 Bd7 12. h5 Qe8 13. h6 g6 14. e5 dxe5 15. Qxe5 Nf5 16. Ne4 Qxe5 17. Bxe5 Bxa4 18. Nf6+ Kh8 19. g4 Nc6 20. Bc3 Nfe7 21. Nd7+ Kg8 22. Bg7 {1-0 (22) Ivic,V (2345)-Krstulovic,A (2280) Zalakaros 2017}) 10. Qd2 Ne7 {White should prevent ...Nxc2+!} 11. O-O-O Ng6 (11... Be6 $11) 12. Be3 $14 Bxe3 13. Qxe3 O-O 14. g3 Bg4 15. Be2 Bxe2 16. Qxe2 Rfe8 17. f4 Nf8 18. Qc4 c6 {[#]} (18... Ne6 $14) 19. Nxa5 $1 {[%mdl 512]} Nxc2 $16 (19... Rxa5 20. Qxb4) 20. Kxc2 Rxa5 21. Qb4 Rc5 22. e5 (22. Kb1 $16) 22... Qf5+ $11 23. Kc1 b5 $1 {[%cal Bb7b5,Bb5a4][%mdl 32] With the idea ...Ra8.} 24. b3 {[#]} (24. exd6 $11 {keeps the balance.} Rc4 25. Qb3) 24... bxa4 $1 $17 25. Rxd6 {[#]} axb3 $1 {[%csl Gb3][%cal Rf5c2][%mdl 512]} 26. Rd2 (26. Qxb3 Rb8) 26... Ne6 {And now ...Ra8 would win.} 27. Kb2 h6 28. Ra1 Kh7 ({Black should try} 28... Qg4 $17) 29. Qe4 $1 $36 {[%cal Re4f5][%mdl 2048] The position is equal. White is more active.} Qxe4 30. Nxe4 Rd5 31. Rxd5 cxd5 {[%mdl 4096] Endgame KRN-KRN} 32. Nd6 Rb8 33. Ra5 d4 34. Rd5 Kg8 35. f5 Nd8 36. Rxd4 {aiming for Rc4.} Nc6 37. Re4 Rd8 38. Nc4 Kf8 39. Kc3 h5 40. Rh4 Rd5 41. Rxh5 {Precision: White = 59%, Black = 46%.} 1/2-1/2

[Event "11th Asrian Memorial 2018"]
[Site "Jermuk"]
[Date "2018.06.27"]
[Round "7"]
[White "Andriasian, Zaven"]
[Black "Mikaelyan, Arman"]
[Result "1-0"]
[WhiteElo "2586"]
[BlackElo "2500"]
[Annotator "TA"]
[PlyCount "135"]
[EventDate "2018.06.21"]
[EventCountry "ARM"]
[SourceTitle "playchess.com"]
[Source "ChessBase"]
[SourceQuality "1"]

{[%evp 23,135,10,13,-6,-12,-22,0,0,0,-4,0,-8,-2,0,0,-36,0,-20,-16,-20,-16,-38,-10,-20,3,11,16,20,13,8,8,20,45,33,108,113,140,141,288,293,279,280,459,447,423,364,364,247,236,242,318,322,1392,503,471,355,340,352,314,337,335,320,312,331,413,369,378,292,392,410,421,413,407,416,410,384,393,393,432,406,443,356,1006,733,873,791,708,536,518,510,510,503,499,487,479,479,450,431,1235,1231,3185,2607,1952,1393,2616,2291,2710,2169,29969,29970,29971,29968,29961,29963]} 1. e4 Nf6 2. e5 Nd5 3. d4 d6 4. c4 Nb6 5. Nf3 g6 6. Nc3 Bg7 7. Be3 O-O 8. Be2 Nc6 9. exd6 cxd6 10. O-O Bg4 11. b3 d5 12. c5 Nc8 {LiveBook: 69 Partien} 13. a3 {B04: Aljechin-Verteidigung (Moderne Variante)} (13. h3 Bxf3 14. Bxf3 e6 15. b4 a6 16. Rb1 N8e7 17. g4 f5 18. Ne2 fxg4 19. Bxg4 Nf5 20. Qd2 Kh8 21. Rb3 e5 22. Bxf5 Rxf5 {0-1 (54) Potapov,P (2479)-Zvjaginsev,V (2643) St Petersburg 2017}) 13... e6 14. b4 a6 15. Ne1 $146 {Die Stellung ist ausgeglichen.} ({Vorgänger:} 15. Na4 Bxf3 16. Bxf3 Qf6 17. Rc1 Nxd4 18. Bxd4 Qxd4 19. c6 b5 20. Nc5 Nb6 {0-1 (29) Calzetta Ruiz,M (2210)-Santo Roman,M (2480) Castellar 1996}) 15... Bxe2 16. Nxe2 N8e7 17. Ng3 b6 18. Rb1 bxc5 19. dxc5 Rb8 20. Qe2 Qc8 21. Nc2 e5 22. Bd2 f5 {Und weiter mit ...f4 wäre nett.} 23. f4 $1 d4 24. fxe5 Rd8 {Und ...d3 würde nun gewinnen.} 25. Qc4+ Kh8 $1 26. e6 Ne5 27. Qa2 d3 28. Ne1 Nd5 (28... a5 $14) 29. Nf3 $1 $16 Qxe6 30. Rbe1 $1 {zielt auf Sxe5 ab.} Re8 {[#]} (30... Nxf3+ $16 31. Rxf3 Qg8) 31. Rxe5 $1 $18 {[%mdl 512]} Bxe5 32. Re1 Qf6 $2 (32... Nf6 33. Qxe6 Rxe6) 33. Qxd5 Rbd8 34. Qc4 ({Schwächer ist} 34. Rxe5 Rxd5 35. Rxe8+ Kg7 $16) 34... Bd4+ 35. Nxd4 Rxe1+ 36. Bxe1 Rxd4 37. Qc3 f4 $2 (37... Kg8 38. Nf1 (38. c6 Rd6 $16) 38... Kf7) 38. Nf1 (38. c6 $142 d2 39. Bxd2 fxg3 40. hxg3) 38... Kg7 39. Nd2 Rd8 40. Ne4 Qxc3 41. Bxc3+ ({Lieber nicht} 41. Nxc3 d2 $17) 41... Kf7 42. Kf2 Ke6 43. Ke1 g5 44. Nxg5+ Kd5 45. Nh3 Kc4 46. Kd2 Rf8 47. Be5 Re8 48. Bxf4 Re2+ 49. Kd1 Kb5 50. g4 a5 51. bxa5 Kxc5 52. a6 {[%cal Ba5a6,Ba6a7][%mdl 32] a7 ist eine echte Drohung.} Ra2 $2 (52... Kb6 53. Nf2 Kxa6) 53. Be3+ Kc4 54. a7 Rxa3 55. Nf4 Ra1+ 56. Kd2 Ra2+ 57. Ke1 Ra1+ {[#]} 58. Kf2 $1 {[%cal Rf2f3]} d2 59. Bxd2 Rxa7 60. Be3 Ra2+ (60... Rf7 $142 61. h4 Kb5) 61. Kg3 Kb5 62. Nd5 Ra3 63. Kf4 Kc6 64. Nf6 Ra4+ 65. Kg5 Ra3 66. Bf4 {Weiß setzt Matt.} Ra5+ 67. Kh6 Ra4 68. Bg3 {Precision: Weiß = 70%, Schwarz = 33%.} 1-0